00492nam a2200157 i 4500001000300000100001900003245006300022260002100085040000800106041000800114942000700122008004100129999001700170856009800187952004900285bg1 aKALACEV, Kamen 0aGeorgi Dymitrow :bszkic bibliograficzny /cKamen Kalacev. aWarszawa,c1973. cBPK apol cKS s pl f |000 0 pol  c26952d26952 uhttp://koha.tu.koszalin.pl/cgi-bin/koha/opac-detail.pl?biblionumber=26952yKatalog online BPK 00104070aBPKbBPKcwo18658p01700510yKS